[Event "BCF-chT2 0001 (4NCL)"]
[Site "Birmingham"]
[Date "2001.05.05"]
[Round "9.5"]
[White "Coates, Kenneth G"]
[Black "Parkin, James Matthew"]
[Result "1-0"]
[WhiteElo "2160"]
[BlackElo "2129"]
[PlyCount "119"]
[EventDate "2000.11.26"]
[EventType "team-tourn"]
[EventRounds "11"]
[EventCountry "ENG"]
[SourceTitle "CBM 079 Extra"]
[Source "ChessBase"]
[SourceDate "2001.01.11"]
[SourceVersion "2"]
[SourceVersionDate "2001.01.25"]
[SourceQuality "1"]
[WhiteTeam "Guildford II"]
[BlackTeam "Bristol II"]
[WhiteTeamCountry "ENG"]
[BlackTeamCountry "ENG"]

1. e4 c5 2. c3 d5 3. exd5 Qxd5 4. d4 Nf6 5. Nf3 Bg4 6. Be2 e6 7. 0-0 Nc6 8. Be3 cxd4 9. cxd4 Bb4 10. h3 Bh5 11. Nc3 Qd6 12. Qb3 0-0 13. Rfd1 Rfd8 14. Rac1 a6 15. Na4 Na5 16. Qc2 b5 17. Nc5 Bg6 18. Bd3 Bxd3 19. Nxd3 Nc4 20. Bf4 Qf8 21. Nxb4 Qxb4 22. b3 Nd6 23. Ne5 Qa3 24. Nc6 Rd7 25. Qc5 Qxc5 26. dxc5 Nc8 27. Rxd7 Nxd7 28. Rd1 g5 29. Rxd7 gxf4 30. b4 Kg7 31. Nd8 Ra7 32. Nxe6+ Kf6 33. Rxa7 Nxa7 34. Nc7 a5 35. a3 axb4 36. axb4 Ke5 37. Kf1 f3 38. gxf3 Kd4 39. Ke2 Kc4 40. Na6 Kd4 41. h4 f5 42. h5 f4 43. Kf1 Nc6 44. Kg2 Nxb4 45. Nxb4 Kxc5 46. Nc2 Kc4 47. Na3+ Kb4 48. Nxb5 Kxb5 49. Kh3 Kc6 50. Kg4 Kd6 51. Kxf4 Ke6 52. Kg5 Kf7 53. f4 Kg7 54. Kf5 Kf7 55. Ke5 Ke7 56. f5 Kf7 57. f6 Kf8 58. Ke6 Ke8 59. f7+ Kf8 60. f3 1-0

[Event "Hallsberg op U18"]
[Site "Hallsberg"]
[Date "2000.12.29"]
[Round "2"]
[White "Parkin, James Matthew"]
[Black "Landgren, Philip"]
[Result "0-1"]
[WhiteElo "2140"]
[BlackElo "2182"]
[PlyCount "78"]
[EventDate "2000.12.28"]
[EventType "swiss"]
[EventRounds "9"]
[EventCountry "SWE"]
[SourceTitle "EXT 2002"]
[Source "ChessBase"]
[SourceDate "2001.11.25"]
[SourceVersion "1"]
[SourceVersionDate "2001.11.25"]
[SourceQuality "1"]

1. e4 e5 2. Nf3 Nc6 3. Bc4 Nf6 4. Ng5 d5 5. exd5 Na5 6. Bb5+ c6 7. dxc6 bxc6 8. Be2 h6 9. Nf3 e4 10. Ne5 Bd6 11. d4 exd3 12. Nxd3 Qc7 13. b3 0-0 14. Bb2 Nd5 15. c4 Nf4 16. Nxf4 Bxf4 17. Qd4 f6 18. Qd3 Be6 19. h3 Rad8 20. Qf3 Rfe8 21. 0-0 Bf7 22. Nc3 Bg6 23. Rad1 Nb7 24. Bd3 Bxd3 25. Rxd3 Nc5 26. Rxd8 Rxd8 27. Rd1 Re8 28. b4 Ne6 29. Qe4 Be5 30. Na4 Ng5 31. Bxe5 Rxe5 32. Qd3 Re4 33. Nc5 Rh4 34. Re1 Qf7 35. Qd8+ Kh7 36. Nd7 h5 37. Re7 Qxc4 38. Nxf6+ Kg6 39. g3 Rxh3 0-1

[Event "EU-ch U20"]
[Site "Aviles"]
[Date "2000.08.18"]
[Round "3"]
[White "Suarez Real, Alberto"]
[Black "Parkin, James Matthew"]
[Result "1-0"]
[WhiteElo "2116"]
[BlackElo "2140"]
[PlyCount "69"]
[EventDate "2000.08.18"]
[EventType "swiss"]
[EventRounds "11"]
[EventCountry "ESP"]
[SourceTitle "CBM 077 Extra"]
[Source "ChessBase"]
[SourceDate "2000.09.14"]
[SourceVersion "1"]
[SourceVersionDate "2000.09.14"]
[SourceQuality "1"]

1. e4 c5 2. Nf3 d6 3. d4 cxd4 4. Nxd4 Nf6 5. Nc3 Nc6 6. Bc4 e6 7. Be3 a6 8. Qe2 Be7 9. 0-0-0 0-0 10. Rhg1 Qc7 11. Bb3 Nd7 12. g4 Nc5 13. g5 Bd7 14. Rg3 Rfd8 15. f4 b5 16. g6 hxg6 17. f5 Nxd4 18. Bxd4 exf5 19. Bd5 Nxe4 20. Nxe4 Bc6 21. Nc3 Re8 22. Qg2 Bxd5 23. Nxd5 Qb8 24. Rxg6 fxg6 25. Qxg6 Bg5+ 26. Qxg5 Qb7 27. Nf6+ Kf8 28. Nxe8 Rxe8 29. Qxf5+ Kg8 30. Rg1 Re7 31. h4 Rf7 32. Qe6 Kh8 33. h5 Qf3 34. Qh6+ Kg8 35. Rxg7+ 1-0

[Event "EU-ch U20"]
[Site "Aviles"]
[Date "2000.08.17"]
[Round "2"]
[White "Parkin, James Matthew"]
[Black "Halkias, Stelios"]
[Result "0-1"]
[WhiteElo "2140"]
[BlackElo "2502"]
[PlyCount "76"]
[EventDate "2000.08.18"]
[EventType "swiss"]
[EventRounds "11"]
[EventCountry "ESP"]
[SourceTitle "CBM 077 Extra"]
[Source "ChessBase"]
[SourceDate "2000.09.14"]
[SourceVersion "1"]
[SourceVersionDate "2000.09.14"]
[SourceQuality "1"]

1. e4 c5 2. Nf3 Nc6 3. d4 cxd4 4. Nxd4 Nf6 5. Nc3 e5 6. Ndb5 d6 7. Nd5 Nxd5 8. exd5 Nb8 9. c4 a6 10. Nc3 Be7 11. Be2 0-0 12. 0-0 f5 13. f4 Nd7 14. Qc2 Bf6 15. Kh1 g6 16. Rb1 Re8 17. Bd3 Qc7 18. b4 e4 19. Be2 b5 20. Bb2 bxc4 21. Na4 Bb7 22. Rfd1 Rac8 23. Rbc1 e3 24. g3 Qd8 25. Bxf6 Nxf6 26. Nc3 Qb6 27. a4 Re7 28. Rb1 Qa7 29. Bf3 e2 30. Bxe2 Rce8 31. Bf3 Re3 32. Kg2 Ng4 33. Bxg4 fxg4 34. Qd2 Bc8 35. Rf1 Bf5 36. Qb2 Bd3 37. Rf2 Qd4 38. h4 Qxc3 0-1

[Event "SCO-ch"]
[Site "Glasgow"]
[Date "2000.07.20"]
[Round "6"]
[White "Stevenson, James"]
[Black "Parkin, James Matthew"]
[Result "0-1"]
[WhiteElo "2133"]
[BlackElo "2140"]
[PlyCount "108"]
[EventDate "2000.07.15"]
[EventType "swiss"]
[EventRounds "9"]
[EventCountry "SCO"]
[SourceTitle "CBM 077 Extra"]
[Source "ChessBase"]
[SourceDate "2000.09.14"]
[SourceVersion "1"]
[SourceVersionDate "2000.09.14"]
[SourceQuality "1"]

1. c4 Nf6 2. g3 g6 3. Bg2 Bg7 4. Nc3 0-0 5. d3 d6 6. Bg5 h6 7. Bd2 e5 8. e4 Nc6 9. Nge2 Nd4 10. 0-0 c6 11. Nxd4 exd4 12. Ne2 Nd7 13. b4 c5 14. Nf4 Ne5 15. Qc2 Rb8 16. a4 f5 17. Nd5 fxe4 18. Bxe4 Nf3+ 19. Bxf3 Rxf3 20. Kg2 Rf7 21. Rae1 Qd7 22. f4 Qh3+ 23. Kg1 Bg4 24. Bc1 Qh5 25. bxc5 dxc5 26. Ba3 b6 27. Re4 Bf3 28. Ne7+ Kh7 29. Re6 Re8 30. Rfe1 Qh3 31. Qf2 Bb7 32. R6e2 Qd7 33. Nd5 Rxe2 34. Qxe2 Bxd5 35. cxd5 Qxd5 36. Qe6 Qxe6 37. Rxe6 Bf8 38. Rc6 Re7 39. a5 Re1+ 40. Kf2 Ra1 41. Rc7+ Kg8 42. Rxa7 Rxa3 43. axb6 Rxd3 44. Rc7 Rb3 45. b7 c4 46. g4 Bd6 47. Rxc4 Rxb7 48. Kf3 Rb3+ 49. Ke4 d3 50. Rc6 Bb4 51. Rc8+ Kf7 52. f5 d2 53. Rd8 gxf5+ 54. Kxf5 Rb1 0-1

[Event "SCO-ch"]
[Site "Glasgow"]
[Date "2000.07.16"]
[Round "2"]
[White "Rutherford, Elaine"]
[Black "Parkin, James Matthew"]
[Result "1-0"]
[WhiteElo "2050"]
[BlackElo "2140"]
[PlyCount "67"]
[EventDate "2000.07.15"]
[EventType "swiss"]
[EventRounds "9"]
[EventCountry "SCO"]
[SourceTitle "CBM 077 Extra"]
[Source "ChessBase"]
[SourceDate "2000.09.14"]
[SourceVersion "1"]
[SourceVersionDate "2000.09.14"]
[SourceQuality "1"]

1. e4 c5 2. Nc3 Nc6 3. f4 g6 4. Nf3 Bg7 5. Bb5 a6 6. Bxc6 bxc6 7. 0-0 d5 8. d3 Nf6 9. Qe1 dxe4 10. dxe4 0-0 11. e5 Nd5 12. Ne4 Nb4 13. Qe2 f6 14. Nxc5 fxe5 15. fxe5 Qd5 16. Be3 Bg4 17. a3 Nxc2 18. Qxc2 Bxf3 19. Rxf3 Rxf3 20. gxf3 Qxf3 21. Qc4+ Kh8 22. Qf4 Qd5 23. Bd4 Rd8 24. Rd1 Kg8 25. Rd3 Qa2 26. Qg4 Qb1+ 27. Rd1 Qc2 28. Ne6 h5 29. Qf3 Rb8 30. Nxg7 Rf8 31. Qd3 Qxd3 32. Rxd3 Kxg7 33. e6+ Kh7 34. Bc5 1-0

[Event "SCO-ch"]
[Site "Glasgow"]
[Date "2000.07.15"]
[Round "1"]
[White "Parkin, James Matthew"]
[Black "Bryson, Douglas Marshall"]
[Result "0-1"]
[WhiteElo "2140"]
[BlackElo "2370"]
[PlyCount "100"]
[EventDate "2000.07.15"]
[EventType "swiss"]
[EventRounds "9"]
[EventCountry "SCO"]
[SourceTitle "CBM 077 Extra"]
[Source "ChessBase"]
[SourceDate "2000.09.14"]
[SourceVersion "1"]
[SourceVersionDate "2000.09.14"]
[SourceQuality "1"]

1. b3 e5 2. Bb2 Nc6 3. e3 Nf6 4. Bb5 Bd6 5. Nh3 a6 6. Be2 Be7 7. f4 d6 8. Nf2 exf4 9. exf4 0-0 10. Bf3 d5 11. 0-0 Bc5 12. d4 Bb6 13. c4 dxc4 14. Bxc6 bxc6 15. bxc4 Rb8 16. Bc3 Be6 17. c5 Ba7 18. Qd3 Qc8 19. Ne4 Nxe4 20. Qxe4 Bd5 21. Qd3 Qb7 22. Na3 Rbe8 23. f5 f6 24. Rab1 Qc8 25. Rb2 Re4 26. Bd2 Rfe8 27. Rf2 Bf7 28. Nc2 Qd7 29. Qc3 Bd5 30. h3 Qf7 31. Rb7 Bb8 32. Qb2 Qf8 33. Nb4 Rc8 34. Nxa6 Ree8 35. Rf1 Bc4 36. Nb4 Bxf1 37. Kxf1 Qe7 38. Nxc6 Qe2+ 39. Kg1 Qd1+ 40. Kh2 Qf1 41. Qb3+ Kh8 42. Be3 Qxf5 43. Nxb8 h5 44. a4 Re4 45. a5 Rce8 46. Bg1 h4 47. Qd3 Qf4+ 48. Kh1 Re1 49. Qf3 Rxg1+ 50. Kxg1 Re1+ 0-1

[Event "West of England op"]
[Site "Exmouth"]
[Date "2000.04.??"]
[Round "3"]
[White "Rudd, Jack"]
[Black "Parkin, James Matthew"]
[Result "1-0"]
[WhiteElo "2209"]
[BlackElo "2062"]
[PlyCount "133"]
[EventDate "2000.04.??"]
[EventType "swiss"]
[EventRounds "7"]
[EventCountry "ENG"]
[SourceTitle "EXT 2007"]
[Source "ChessBase"]
[SourceDate "2006.11.23"]
[SourceVersion "1"]
[SourceVersionDate "2006.11.23"]
[SourceQuality "1"]

1. e4 c5 2. Nf3 d6 3. d4 cxd4 4. Nxd4 Nf6 5. Nc3 Nc6 6. Bg5 e6 7. Qd2 a6 8. 0-0-0 h6 9. Be3 Bd7 10. f3 b5 11. Kb1 Qc7 12. Nxc6 Bxc6 13. Qf2 b4 14. Ne2 d5 15. Nd4 Bb7 16. Nb3 Nd7 17. exd5 Bxd5 18. Bd4 Qc6 19. Na5 Bxa2+ 20. Kxa2 Qa4+ 21. Kb1 Qxa5 22. Qg3 Nf6 23. Bc4 Rc8 24. Bb3 Qb5 25. Rhe1 Qc6 26. f4 Ne4 27. Qg4 h5 28. Qf3 f5 29. Be5 a5 30. Qh3 Rh6 31. Re2 a4 32. Ba2 a3 33. Qd3 axb2 34. Bxb2 Be7 35. Qh3 Bf6 36. Rd3 Bxb2 37. Kxb2 Nc3 38. Bxe6 Rxe6 39. Qxh5+ Kf8 40. Re5 Nd1+ 41. Qxd1 Rxe5 42. fxe5 Re8 43. Qe1 Qe4 44. Qxe4 fxe4 45. Re3 Rxe5 46. Kb3 Ke7 47. Kxb4 Kd6 48. c4 Kc6 49. h4 Kb6 50. c5+ Rxc5 51. Rxe4 Rc2 52. Re6+ Rc6 53. Rxc6+ Kxc6 54. Kc4 Kd6 55. Kd4 Ke6 56. Ke4 Kf6 57. g3 Ke6 58. g4 Kf6 59. Kd5 Kf7 60. Ke5 Ke7 61. Kf5 Kf7 62. Kg5 Kg8 63. Kg6 Kh8 64. Kf7 Kh7 65. g5 Kh8 66. h5 Kh7 67. h6 1-0

[Event "Grangemouth op2"]
[Site "Grangemouth"]
[Date "2000.??.??"]
[Round "?"]
[White "Parkin, James Matthew"]
[Black "Keogh, Brian"]
[Result "1-0"]
[WhiteElo "2062"]
[BlackElo "2115"]
[PlyCount "169"]
[EventDate "2000.??.??"]
[EventType "swiss"]
[EventRounds "4"]
[EventCountry "SCO"]
[SourceTitle "EXT 2003"]
[Source "ChessBase"]
[SourceDate "2002.11.25"]
[SourceVersion "1"]
[SourceVersionDate "2002.11.25"]
[SourceQuality "1"]

1. e4 e5 2. Nf3 Nc6 3. Bc4 Nf6 4. Ng5 d5 5. exd5 b5 6. Bxb5 Qxd5 7. Nc3 Qxg2 8. Qf3 Qxf3 9. Nxf3 Bd7 10. 0-0 Bd6 11. Bxc6 Bxc6 12. Nxe5 Bxe5 13. Re1 Nd7 14. d4 f6 15. dxe5 fxe5 16. Bf4 0-0-0 17. Bg3 Rde8 18. Rad1 h5 19. h4 Rhg8 20. Ne4 Bxe4 21. Rxe4 g5 22. Kf1 gxh4 23. Rxh4 e4 24. Bf4 Rg4 25. Rxg4 hxg4 26. Ke2 Re6 27. Rd4 Rc6 28. Kd2 Re6 29. Rc4 Ne5 30. Bxe5 Rxe5 31. Ke3 Rg5 32. Kf4 e3 33. fxe3 Rg7 34. Kg3 Re7 35. e4 Rg7 36. Rd4 c6 37. Ra4 Kd8 38. Ra6 c5 39. Ra5 Re7 40. Kf4 Rg7 41. Rxc5 g3 42. Rd5+ Ke7 43. Rd1 g2 44. Rg1 Ke6 45. Kf3 Rf7+ 46. Kxg2 Rf4 47. Re1 Ke5 48. c3 Rf6 49. Kg3 Rb6 50. Re2 Ra6 51. b3 Rf6 52. a4 Rf1 53. b4 Ra1 54. a5 Rf1 55. Kg4 Rf4+ 56. Kg5 Rf3 57. c4 Rg3+ 58. Kh6 Rc3 59. c5 Rc4 60. Rb2 Kxe4 61. Kg7 Kd4 62. Rb1 Kd5 63. Kf7 a6 64. Rd1+ Ke5 65. Rd6 Rxb4 66. Rxa6 Rc4 67. Rh6 Rxc5 68. a6 Rc7+ 69. Ke8 Kd5 70. Kd8 Ra7 71. Kc8 Kc5 72. Kb8 Rf7 73. a7 Rf8+ 74. Kb7 Rf7+ 75. Ka6 Rf8 76. Rb6 Re8 77. Rb5+ Kc4 78. Rb8 Re6+ 79. Rb6 Re8 80. Rc6+ Kd5 81. Kb7 Rf8 82. Rc7 Kd6 83. Rh7 Re8 84. a8Q Re7+ 85. Rxe7 1-0

[Event "Grangemouth op2"]
[Site "Grangemouth"]
[Date "2000.??.??"]
[Round "?"]
[White "Parkin, James Matthew"]
[Black "Robertson, Ian C"]
[Result "1-0"]
[WhiteElo "2062"]
[BlackElo "2202"]
[PlyCount "37"]
[EventDate "2000.??.??"]
[EventType "swiss"]
[EventRounds "4"]
[EventCountry "SCO"]
[SourceTitle "EXT 2003"]
[Source "ChessBase"]
[SourceDate "2002.11.25"]
[SourceVersion "1"]
[SourceVersionDate "2002.11.25"]
[SourceQuality "1"]

1. e4 e5 2. Nf3 d6 3. d4 exd4 4. Nxd4 g6 5. Nc3 Bg7 6. Be2 Nf6 7. f4 0-0 8. 0-0 Re8 9. Bf3 a6 10. Re1 Ra7 11. Nb3 Nc6 12. Be3 Ra8 13. Bf2 Rb8 14. Bh4 Qd7 15. Qd2 b5 16. e5 Ng4 17. e6 Rxe6 18. Rxe6 fxe6 19. Bxg4 1-0

[Event "Wch U18"]
[Site "Oropesa del Mar"]
[Date "1999.11.04"]
[Round "10"]
[White "Ibrahimov, Rasul"]
[Black "Parkin, James Matthew"]
[Result "1-0"]
[WhiteElo "2396"]
[BlackElo "2035"]
[PlyCount "89"]
[EventDate "1999.10.24"]
[EventType "swiss"]
[EventRounds "11"]
[EventCountry "ESP"]
[SourceTitle "CBM 072 Extra"]
[Source "ChessBase"]
[SourceDate "1999.11.18"]
[SourceVersion "1"]
[SourceVersionDate "1999.11.18"]
[SourceQuality "1"]

1. Nf3 Nf6 2. g3 g6 3. b3 Bg7 4. Bb2 0-0 5. Bg2 a5 6. 0-0 a4 7. c4 axb3 8. axb3 Rxa1 9. Bxa1 d5 10. d3 c6 11. Nbd2 Nbd7 12. Bc3 Qc7 13. Qa1 Nh5 14. Bxg7 Nxg7 15. cxd5 cxd5 16. Rc1 Qd6 17. e4 e5 18. d4 dxe4 19. Nxe4 Qb4 20. Nxe5 f5 21. Nxd7 Bxd7 22. Nc5 Bc8 23. Qc3 Qxc3 24. Rxc3 Rd8 25. d5 Ne8 26. Na4 Nd6 27. Nb6 Bd7 28. Rc7 Be8 29. f4 Bf7 30. Kf2 Ne4+ 31. Bxe4 fxe4 32. Ke3 Bxd5 33. Nxd5 Rxd5 34. Rxb7 Rd1 35. Kxe4 Rg1 36. Kf3 Rb1 37. Kg4 Rb2 38. Kg5 Rxh2 39. Kf6 h5 40. Kxg6 Kf8 41. f5 Rg2 42. Rb8+ Ke7 43. f6+ Ke6 44. Re8+ Kd7 45. f7 1-0

[Event "Wch U18"]
[Site "Oropesa del Mar"]
[Date "1999.11.01"]
[Round "8"]
[White "Blot, Jerome"]
[Black "Parkin, James Matthew"]
[Result "0-1"]
[WhiteElo "2299"]
[BlackElo "2035"]
[PlyCount "74"]
[EventDate "1999.10.24"]
[EventType "swiss"]
[EventRounds "11"]
[EventCountry "ESP"]
[SourceTitle "CBM 072 Extra"]
[Source "ChessBase"]
[SourceDate "1999.11.18"]
[SourceVersion "1"]
[SourceVersionDate "1999.11.18"]
[SourceQuality "1"]

1. d4 Nf6 2. c4 g6 3. Nc3 Bg7 4. e4 d6 5. h3 0-0 6. Bg5 h6 7. Be3 e5 8. d5 a5 9. Qd2 Kh7 10. g4 Na6 11. Bd3 Nc5 12. Bc2 Bd7 13. Nf3 Ng8 14. Rd1 Qe8 15. Rg1 Kh8 16. Qe2 Rb8 17. Nb5 Qd8 18. Rg3 Nxe4 19. Bxe4 f5 20. gxf5 gxf5 21. Bb1 f4 22. Rg1 fxe3 23. Qxe3 Rf4 24. Nc3 Qf6 25. Nd2 Rf8 26. Nde4 Qf7 27. Rd3 Ne7 28. Kd1 Nf5 29. Qd2 Nd4 30. Rdg3 Nf3 31. Rxg7 Qxg7 32. Rxg7 Nxd2 33. Rxd7 Nxb1 34. Rxc7 Nxc3+ 35. Nxc3 R4f7 36. Rxf7 Rxf7 37. Ne2 Kg7 0-1

[Event "Wch U18"]
[Site "Oropesa del Mar"]
[Date "1999.10.31"]
[Round "7"]
[White "Parkin, James Matthew"]
[Black "Danilovic, Aleksandar"]
[Result "0-1"]
[WhiteElo "2035"]
[BlackElo "2364"]
[PlyCount "62"]
[EventDate "1999.10.24"]
[EventType "swiss"]
[EventRounds "11"]
[EventCountry "ESP"]
[SourceTitle "CBM 072 Extra"]
[Source "ChessBase"]
[SourceDate "1999.11.18"]
[SourceVersion "1"]
[SourceVersionDate "1999.11.18"]
[SourceQuality "1"]

1. e4 e5 2. Nf3 d6 3. d4 Nf6 4. Nc3 Nbd7 5. Be3 Be7 6. Qd2 c6 7. h3 b5 8. Bd3 0-0 9. 0-0-0 b4 10. Ne2 c5 11. d5 Qc7 12. c4 bxc3 13. Nxc3 c4 14. Bb1 Nc5 15. Nxe5 Bd7 16. Nxd7 Nfxd7 17. f4 Rab8 18. Qe2 Rb4 19. Bd4 Rfb8 20. Rd2 Nb6 21. Bxc5 Qxc5 22. a3 Rb3 23. Rc2 Bf6 24. Ba2 Rxb2 25. Rxb2 Bxc3 26. Rb1 Re8 27. Rxb6 Qxb6 28. Bb1 Rb8 29. Ba2 Qc5 30. Kd1 Qd4+ 31. Kc1 Bb2+ 0-1

[Event "Glorney Cup U20"]
[Site "Bruges"]
[Date "1999.07.30"]
[Round "5"]
[White "Parkin, James Matthew"]
[Black "Wortel, Marten"]
[Result "0-1"]
[WhiteElo "2035"]
[BlackElo "2283"]
[PlyCount "89"]
[EventDate "1999.07.26"]
[EventType "team-tourn"]
[EventRounds "5"]
[EventCountry "BEL"]
[SourceTitle "EXT 2000"]
[Source "ChessBase"]
[SourceDate "1999.11.16"]
[SourceVersion "1"]
[SourceVersionDate "1999.11.16"]
[SourceQuality "1"]

1. e4 d6 2. d4 Nf6 3. Nc3 g6 4. f4 Bg7 5. Nf3 c5 6. dxc5 Qa5 7. Bd3 Qxc5 8. Qe2 0-0 9. Bd2 Bg4 10. h3 Bxf3 11. Qxf3 Nc6 12. g4 Nb4 13. 0-0-0 Rfc8 14. Kb1 Nd7 15. a3 Nxd3 16. Qxd3 Nb6 17. Nd5 Nxd5 18. exd5 Qb6 19. Bc1 Rc3 20. Qe4 Rxa3 21. Rd3 Ra5 22. Rb3 Qa6 23. c3 Rc8 24. Rb4 Ra1+ 25. Kc2 Qa2 26. Bd2 Rxh1 27. Qxh1 Rc7 28. Qe4 Qa1 29. Ra4 Qg1 30. Qf3 b5 31. Ra6 h6 32. Qe3 Bd4 33. Qxg1 Bxg1 34. Kd3 f5 35. gxf5 gxf5 36. Be3 Bxe3 37. Kxe3 Kf7 38. Ra5 Rc5 39. Kd4 Rc4+ 40. Ke3 Rc5 41. Kd4 Rc4+ 42. Ke3 b4 43. cxb4 Rxb4 44. Rxa7 Rxb2 45. Ra3 0-1

[Event "Glorney Cup U20"]
[Site "Bruges"]
[Date "1999.07.27"]
[Round "2"]
[White "Parkin, James Matthew"]
[Black "Jones, Richard S"]
[Result "0-1"]
[WhiteElo "2035"]
[BlackElo "2044"]
[PlyCount "82"]
[EventDate "1999.07.26"]
[EventType "team-tourn"]
[EventRounds "5"]
[EventCountry "BEL"]
[SourceTitle "EXT 2000"]
[Source "ChessBase"]
[SourceDate "1999.11.16"]
[SourceVersion "1"]
[SourceVersionDate "1999.11.16"]
[SourceQuality "1"]

1. e4 c5 2. Nf3 d6 3. d4 cxd4 4. Nxd4 Nf6 5. Nc3 a6 6. f4 e6 7. a4 Nc6 8. Nf3 Be7 9. Bd3 0-0 10. 0-0 Qc7 11. Qe1 Re8 12. Kh1 Nb4 13. Bd2 b6 14. Nb5 axb5 15. Bxb4 bxa4 16. e5 Nd5 17. Qe4 g6 18. exd6 Bxd6 19. Bxd6 Qxd6 20. f5 gxf5 21. Qh4 Qf4 22. Qxf4 Nxf4 23. Bb5 Ba6 24. Bxe8 Bxf1 25. Bxf7+ Kxf7 26. Rxf1 Rd8 27. g3 Nd5 28. Rd1 b5 29. Kg1 Kf6 30. b3 Rc8 31. bxa4 bxa4 32. Ra1 Rc4 33. Ne1 e5 34. Nd3 Nc3 35. Nb2 Rb4 36. Ra3 Nb5 37. Ra2 a3 38. Nd3 Rb1+ 39. Kf2 e4 40. Ne1 Rb2 41. Ra1 a2 0-1

[Event "Marymass op"]
[Site "Marymass"]
[Date "1999.??.??"]
[Round "3"]
[White "Brown, Simon D"]
[Black "Parkin, James Matthew"]
[Result "0-1"]
[WhiteElo "2000"]
[BlackElo "2070"]
[PlyCount "80"]
[EventDate "1999.08.20"]
[EventType "swiss"]
[EventRounds "5"]
[EventCountry "SCO"]
[SourceTitle "EXT 2001"]
[Source "ChessBase"]
[SourceDate "2000.11.22"]
[SourceVersion "1"]
[SourceVersionDate "2000.11.22"]
[SourceQuality "1"]

1. d4 Nf6 2. Nf3 g6 3. c4 Bg7 4. Nc3 d6 5. g3 0-0 6. Bg2 Nc6 7. 0-0 a6 8. h3 Rb8 9. a4 e5 10. d5 Ne7 11. e4 c5 12. Be3 Nh5 13. g4 Nf6 14. Qd2 Ne8 15. Bh6 f5 16. Bxg7 Nxg7 17. Nh2 fxg4 18. Nxg4 Bxg4 19. hxg4 Qd7 20. f3 Rf4 21. Ne2 Rf7 22. Ng3 b5 23. cxb5 axb5 24. a5 b4 25. b3 Qa7 26. Kh2 Rbf8 27. Qe3 Nc8 28. Ne2 Qe7 29. Kg3 Na7 30. Qh6 g5 31. Rh1 Ne8 32. Rh5 Rg7 33. Rh2 Nf6 34. Qh3 Qf7 35. Kf2 Nxe4+ 36. Kg1 Nd2 37. Ng3 Qxd5 38. Rd1 Nxf3+ 39. Bxf3 Qxf3 40. Rxd6 Qe3+ 0-1

[Event "Marymass op"]
[Site "Marymass"]
[Date "1999.??.??"]
[Round "5"]
[White "Sime, David"]
[Black "Parkin, James Matthew"]
[Result "0-1"]
[WhiteElo "1845"]
[BlackElo "2070"]
[PlyCount "104"]
[EventDate "1999.08.20"]
[EventType "swiss"]
[EventRounds "5"]
[EventCountry "SCO"]
[SourceTitle "EXT 2001"]
[Source "ChessBase"]
[SourceDate "2000.11.22"]
[SourceVersion "1"]
[SourceVersionDate "2000.11.22"]
[SourceQuality "1"]

1. e4 c5 2. Nf3 d6 3. d4 cxd4 4. Qxd4 Nc6 5. Bb5 Bd7 6. Bxc6 Bxc6 7. Nc3 e6 8. 0-0 Nf6 9. Bg5 Be7 10. Rad1 0-0 11. Rfe1 Qa5 12. b4 Qc7 13. Nb1 a5 14. a3 axb4 15. axb4 Bb5 16. Rc1 Rfc8 17. Nbd2 Bc4 18. c3 h6 19. Bh4 b5 20. Nxc4 Qxc4 21. Qxc4 Rxc4 22. Nd2 Rc7 23. f4 Rac8 24. e5 dxe5 25. fxe5 Nd5 26. Bxe7 Nxe7 27. Ne4 Nd5 28. Nc5 Ra8 29. Re4 Ra2 30. h3 Nb6 31. Rd1 Rc2 32. Rd8+ Kh7 33. Rb8 Nd5 34. Rb7 Rxb7 35. Nxb7 Nxc3 36. Re1 Rb2 37. Nd6 Rxb4 38. Nxf7 Rd4 39. Re3 Rc4 40. Kh2 Ne4 41. Rb3 Kg6 42. Nd6 Nxd6 43. exd6 Kf7 44. Ra3 e5 45. d7 Ke7 46. Re3 Rc5 47. Rd3 Kd8 48. Rb3 Kxd7 49. Kg3 Kc6 50. Kg4 Kd5 51. Rb1 Kc4 52. Kf5 Kc3 0-1

[Event "EU-ch U16"]
[Site "Tallinn"]
[Date "1997.??.??"]
[Round "1"]
[White "Babaev, Rashad"]
[Black "Parkin, James Matthew"]
[Result "1-0"]
[WhiteElo "2320"]
[BlackElo "2035"]
[PlyCount "89"]
[EventDate "1997.??.??"]
[EventType "swiss"]
[EventRounds "9"]
[EventCountry "EST"]
[SourceTitle "EXT 1998"]
[Source "ChessBase"]
[SourceDate "1997.11.17"]
[SourceVersion "1"]
[SourceVersionDate "1997.11.17"]
[SourceQuality "1"]

1. e4 c5 2. Nf3 d6 3. d4 cxd4 4. Nxd4 Nf6 5. Nc3 Nc6 6. Be2 e5 7. Nf3 h6 8. 0-0 Be7 9. Re1 0-0 10. h3 Be6 11. Bf1 Rc8 12. Nd5 Nh7 13. c4 Ng5 14. Nxe7+ Qxe7 15. Nxg5 hxg5 16. Be3 Kh7 17. Qh5+ Kg8 18. Qxg5 f6 19. Qh5 Rf7 20. Qd1 g5 21. Qd2 Rh7 22. Red1 Rd8 23. f3 b6 24. b4 Qf8 25. a4 Rhd7 26. a5 bxa5 27. b5 Ne7 28. Qxa5 Nc8 29. Qb4 Qe7 30. Ra6 Qf7 31. Rc6 Rc7 32. Ra1 Rdd7 33. Raa6 Kg7 34. Qa3 Kg6 35. c5 Bc4 36. Bxc4 Qxc4 37. cxd6 Rxc6 38. Rxc6 Qg8 39. Qc5 Nb6 40. Rc7 Qb3 41. Kh2 Rxc7 42. dxc7 Nc8 43. Bf2 Qe6 44. Qd5 Kf7 45. Bxa7 1-0

[Event "SCO-ch"]
[Site "Aviemore"]
[Date "1997.??.??"]
[Round "5"]
[White "Parkin, James Matthew"]
[Black "Campbell, Eoin S"]
[Result "1-0"]
[WhiteElo "2035"]
[BlackElo "2050"]
[PlyCount "109"]
[EventDate "1997.07.??"]
[EventType "swiss"]
[EventRounds "9"]
[EventCountry "SCO"]
[SourceTitle "EXT 1999"]
[Source "ChessBase"]
[SourceDate "1998.11.16"]
[SourceVersion "1"]
[SourceVersionDate "1998.11.16"]
[SourceQuality "1"]

1. e4 c5 2. Nf3 g6 3. d4 cxd4 4. Nxd4 Bg7 5. c4 Nc6 6. Be3 Nf6 7. Nc3 0-0 8. Be2 d6 9. 0-0 Bd7 10. Rc1 Nxd4 11. Bxd4 Bc6 12. f3 a5 13. b3 Nd7 14. Be3 Nc5 15. Qe1 Qb6 16. Nd5 Bxd5 17. exd5 Rfc8 18. Rb1 Qd8 19. a4 b6 20. Qd2 Rc7 21. Rfd1 Rca7 22. Bd3 h5 23. Bc2 Kh7 24. Rf1 Qf8 25. Rbe1 Bh6 26. f4 f5 27. h3 Re8 28. Bxc5 bxc5 29. Re6 Bg7 30. g4 Bd4+ 31. Kg2 Qg7 32. Rf3 Rg8 33. Rg3 h4 34. Rf3 Kh8 35. Qe1 Qh7 36. Kh2 Rg7 37. Rf1 Ra8 38. Qd2 Ra7 39. Rfe1 Rf7 40. R1e2 Rg7 41. Rg2 Ra8 42. Qe2 Rag8 43. Qe1 Ra8 44. gxf5 gxf5 45. Rxg7 Qxg7 46. Qxh4+ Kg8 47. Qg5 Qxg5 48. fxg5 f4 49. Kg2 f3+ 50. Kxf3 Rf8+ 51. Kg4 Rf2 52. Be4 Kf8 53. h4 Rb2 54. Rg6 Rxb3 55. Bf5 1-0

[Event "SCO-ch"]
[Site "Aviemore"]
[Date "1997.??.??"]
[Round "3"]
[White "Parkin, James Matthew"]
[Black "Grant, Alan"]
[Result "1-0"]
[WhiteElo "2035"]
[BlackElo "2205"]
[PlyCount "55"]
[EventDate "1997.07.??"]
[EventType "swiss"]
[EventRounds "9"]
[EventCountry "SCO"]
[SourceTitle "EXT 1999"]
[Source "ChessBase"]
[SourceDate "1998.11.16"]
[SourceVersion "1"]
[SourceVersionDate "1998.11.16"]
[SourceQuality "1"]

1. e4 e6 2. d4 d5 3. e5 c5 4. c3 Nc6 5. Nf3 Bd7 6. a3 Nge7 7. b4 cxd4 8. cxd4 Nf5 9. Bb2 Rc8 10. Be2 Be7 11. 0-0 0-0 12. Nc3 f6 13. Rc1 fxe5 14. dxe5 Be8 15. Na4 b6 16. Ba6 Rb8 17. Nc3 Nh4 18. Nxh4 Bxh4 19. Qg4 Rf5 20. f4 d4 21. Ne4 b5 22. Nd6 Rb6 23. Bc8 Bf7 24. Nxf5 exf5 25. Bxf5 Be7 26. Qh3 g6 27. Be6 Qf8 28. Bxf7+ 1-0